| 000 | 01263nam a2200349 i 4500 | ||
|---|---|---|---|
| 001 | 000006108 | ||
| 003 | DO-SdBNP | ||
| 005 | 20251031091900.0 | ||
| 007 | ta | ||
| 008 | 090826s2005 dr a 001 0 spa d | ||
| 020 | _a9993425613 | ||
| 040 |
_aDO-SdBNP _bspa _cBNPHU _erda |
||
| 041 | _aspa | ||
| 082 | 4 |
_a352 _bM491g _222 |
|
| 100 | 1 |
_aMedina Giopp, Alejandro, _eautor _4aut. _917202 |
|
| 245 | 1 | 0 |
_aGestión por procesos y creación de valor público : _bun enfoque analítico / _cAlejandro Medina Giopp. |
| 264 | 1 |
_aSanto Domingo : _bInstituto Tecnológico de Santo Domingo, _c2005. |
|
| 300 |
_a557 páginas : _bilustraciones ; _c23 cm. |
||
| 336 |
_atexto _btxt _2rdacontent |
||
| 337 |
_asin mediación _bn _2rdamedia |
||
| 338 |
_avolumen _bnc _2rdacarrier |
||
| 500 | _aIncluye referencias bibliográficas y notas al pie de las páginas. | ||
| 504 | _aBibliografía : páginas 539-558. | ||
| 590 | _aInventariado,2018/DG | ||
| 650 | 4 |
_aAdministración pública _99266 |
|
| 650 | 4 |
_aAdministración por objetivos _917203 |
|
| 650 | 4 |
_aAdministración industrial _95872 |
|
| 650 | 4 |
_aTécnicas administrativas _91779 |
|
| 651 | 0 |
_aAmérica Latina _xAdministración uública _94092 |
|
| 910 | _aValidado. Control de calidad EMS | ||
| 942 |
_2ddc _cLBS1 |
||
| 999 |
_c5904 _d5904 |
||